|
|
|
|
| LEADER |
00000nam0a2200000 4500 |
| 001 |
296745 |
| 005 |
20231102000934.0 |
| 035 |
|
|
|a (RuTPU)RU\TPU\book\321853
|
| 090 |
|
|
|a 296745
|
| 100 |
|
|
|a 20150602d1969 km y0rusy50 ca
|
| 101 |
0 |
|
|a rus
|
| 102 |
|
|
|a RU
|
| 105 |
|
|
|a a z 001zy
|
| 200 |
1 |
|
|a Элементы противопожарной автоматики
|f Л. А. Ильинская
|
| 210 |
|
|
|a Москва
|c Энергия
|d 1969
|
| 215 |
|
|
|a 72 с.
|c ил.
|
| 225 |
1 |
|
|a Библиотека по автоматике
|v Вып. 324
|
| 320 |
|
|
|a Библиогр.: с. 68-71.
|
| 606 |
1 |
|
|a Пожарная автоматика
|2 stltpush
|3 (RuTPU)RU\TPU\subj\49924
|9 68684
|
| 610 |
1 |
|
|a пожароопасные объекты
|
| 610 |
1 |
|
|a аварийные устройства
|
| 610 |
1 |
|
|a обнаружение
|
| 610 |
1 |
|
|a предупреждение
|
| 610 |
1 |
|
|a датчики
|
| 610 |
1 |
|
|a тепловые датчики
|
| 610 |
1 |
|
|a радиационные детекторы
|
| 610 |
1 |
|
|a комбинированные датчики
|
| 610 |
1 |
|
|a сигнализация
|
| 675 |
|
|
|a 614.84
|v 3
|
| 700 |
|
1 |
|a Ильинская
|b Л. А.
|g Лидия Антоновна
|
| 801 |
|
1 |
|a RU
|b 63413507
|c 20150602
|
| 801 |
|
2 |
|a RU
|b 63413507
|c 20180327
|g RCR
|
| 942 |
|
|
|c BK
|